| 000 | 00470 a2200169 4500 | ||
|---|---|---|---|
| 020 | _a9780060555665 | ||
| 024 | _a0060555661 | ||
| 082 | _a332.67'8 | ||
| 090 |
_c6907 _d6907 |
||
| 100 | _aGraham,Benjamin | ||
| 245 |
_aThe Intelligent Investor. _bA book of practical counsel. _cBenjamin Graham |
||
| 250 | _aRevised edition. | ||
| 260 |
_aNew York _bCollins Business Essentials. _c2003. |
||
| 300 | _a623p. | ||
| 500 | _aPaper cover | ||
| 942 |
_aNBS _cBK _k332.67'8 GRA |
||
| 999 |
_c349245 _d349245 |
||